| 000 | 00894nam a2200253Ia 4500 | ||
|---|---|---|---|
| 001 | 9952 | ||
| 003 | GE_BSU | ||
| 008 | 181216s||||||||xx |||||||||||||| ||und|| | ||
| 040 | _cGE_BSU | ||
| 080 | _a377(479.22) | ||
| 100 | _aალავერდაშვილი,გიორგი | ||
| 245 | _aვინაც ააშენა | ||
| 245 | _bპროფესიულ-ტექნიკური განათლება აჭარაში. | ||
| 245 | _cრედ:ალ.კაპანაძე | ||
| 260 | _aბათუმი. | ||
| 260 | _bსაბჭ.აჭარა. | ||
| 260 | _c1988. | ||
| 300 | _a87გვ;20სმ. | ||
| 300 | _bფოტოები | ||
| 541 | _h3ლ. | ||
| 653 | _aვინაც ააშენა | ||
| 653 | _aპროფესიულ-ტექნიკური განათლება აჭარაში. | ||
| 942 | _cBK | ||
| 999 |
_c43225 _d43225 |
||